Picasso / (Record no. 1595)

000 -LEADER
fixed length control field 01042nam a22003377a 4500
001 - CONTROL NUMBER
control field 4752655
003 - CONTROL NUMBER IDENTIFIER
control field OSt
005 - DATE AND TIME OF LATEST TRANSACTION
control field 20210423061706.0
008 - FIXED-LENGTH DATA ELEMENTS--GENERAL INFORMATION
fixed length control field 850425t19851981nyuaf 001 0 eng
010 ## - LIBRARY OF CONGRESS CONTROL NUMBER
LC control number 85042962
020 ## - INTERNATIONAL STANDARD BOOK NUMBER
International Standard Book Number 0847806529
040 ## - CATALOGING SOURCE
Original cataloging agency DLC
Transcribing agency DLC
Modifying agency DLC
Language of cataloging eng
041 1# - LANGUAGE CODE
Language code of text/sound track or separate title engspa
050 00 - LIBRARY OF CONGRESS CALL NUMBER
Classification number N6853.P5
Item number P34713 1985
080 ## - UNIVERSAL DECIMAL CLASSIFICATION NUMBER
Universal Decimal Classification number 7
Item number F-11
082 00 - DEWEY DECIMAL CLASSIFICATION NUMBER
Classification number 709/.2/4
Edition number 19
100 1# - MAIN ENTRY--PERSONAL NAME
Personal name Palau i Fabre, Josep,
Dates associated with a name 1917-2008.
240 10 - UNIFORM TITLE
Uniform title Picasso.
Language of a work English
245 10 - TITLE STATEMENT
Title Picasso /
Statement of responsibility, etc. Josep Palau i Fabre ; translation by Kenneth Lyons.
Remainder of title / by: Rizzoli
260 ## - PUBLICATION, DISTRIBUTION, ETC.
Place of publication, distribution, etc. New York
Name of publisher, distributor, etc. Rizzoli
Date of publication, distribution, etc. 1985, c1981.
300 ## - PHYSICAL DESCRIPTION
Extent 21, [1] p., [103] pages of plates
Other physical details col. ill.
Dimensions 31 cm.
365 ## - TRADE PRICE
Price amount 14.95 usd
500 ## - GENERAL NOTE
General note Translation of: Picasso.
500 ## - GENERAL NOTE
General note Includes index.
600 10 - SUBJECT ADDED ENTRY--PERSONAL NAME
Personal name Picasso, Pablo,
Dates associated with a name 1881-1973
General subdivision Criticism and interpretation.
650 #0 - SUBJECT ADDED ENTRY--TOPICAL TERM
9 (RLIN) 447
Topical term or geographic name entry element Art
653 ## - INDEX TERM--UNCONTROLLED
Uncontrolled term ხელოვნება
700 1# - ADDED ENTRY--PERSONAL NAME
Personal name Picasso, Pablo,
Dates associated with a name 1881-1973.
906 ## - LOCAL DATA ELEMENT F, LDF (RLIN)
a 7
b cbc
c orignew
d 1
e ocip
f 19
g y-gencatlg
942 ## - ADDED ENTRY ELEMENTS (KOHA)
Source of classification or shelving scheme
Koha item type Books
Holdings
Withdrawn status Lost status Source of classification or shelving scheme Damaged status Not for loan Permanent location Current location Date acquired Inventory number Total Checkouts Full call number Barcode Date last seen Price effective from Koha item type
          Ken Walker International University Ken Walker International University 02/19/2021 1452   7 F-11 1452 02/19/2021 02/19/2021 Books

Powered by Koha